| 000 | 00676nam a22002177a 4500 | ||
|---|---|---|---|
| 999 |
_c14842 _d14842 |
||
| 003 | AR-CdUCM | ||
| 008 | 190424b ||||| |||| 00| 0 spa d | ||
| 020 | _a978-612-4026-84-3 | ||
| 040 |
_aMUNICIPALIDAD PROVINCIAL DEL CUSCO _cBIBLIOTECA MUNICIPAL DEL CUSCO |
||
| 082 |
_aPI / 808.06 / _bV23 |
||
| 100 |
_aValle Tejada, Maritza _933736 |
||
| 245 | _aNaira la charapita ingeniosa / | ||
| 260 |
_aLima : _bDidáctica, _c2012. |
||
| 300 |
_c17 cm. _bIlustraciones, |
||
| 500 | _aIncluye un personaje para armar en kirigami. | ||
| 650 |
_aHistoria _9136 |
||
| 650 |
_aEntretenimiento _915681 |
||
| 650 |
_aInfancia _95236 |
||
| 942 |
_2ddc _cLIBROS |
||
| 945 |
_arah _d24/04/2019 |
||